Представление документа в формате RUSMARC

ПолеНазваниеЗначение
  Тип записи a
  Библиографический уровень a
001 Контрольный номер RU/CBS_Ul/BASE/467282750
005 Дата корректировки 20240209175143.5
100 Данные общей обработки __
a Данные общей обработки 20141022d2014 ||| 0rusy0189 ca
101 Язык документа 0_
a Язык текста rus
102 Страна публикации __
a Страна публикации RU
105 Кодированные данные (монография) __
a Кодированные данные (монография) y###||||000|y
200 Заглавие и сведения об ответственности 1_
a Заглавие Наша матушка родная, златоглавая Москва!
b Общее обозначение материала Текст
e Сведения, относящиеся к заглавию [стихи о Москве: А. С. Пушкин, Л. А. Мей, М. Цветаева, А. Н. Майков, В. Я Брюсов]
300 Общие примечания __
a Общие примечания Ограничения по возрасту 6+
461 Уровень набора _0
1 2000
a Детская роман-газета
463 Уровень физической единицы _0
1 001RU/CBS_Ul/BASE/467280748
1 2000
a №10
v С. 24
1 210
d 2014
606 Тематические рубрики 0_
y Географическая подрубрика Москва, город
610 Ключевые слова 0_
a Ключевые слова стихи
a Ключевые слова столица
686 Индексы других классификаций __
a Классификационный индекс 84(2Рос=Рус)
2 Код системы ББК
801 Источник записи _0
a Страна RU
b Организация МБУК ЦБС г. Ульяновска
c Дата составления 20141022
g Правила каталогизации RCR
801 Источник записи _1
a Страна RU
b Организация МБУК ЦБС г. Ульяновска
c Дата составления 20141022
g Правила каталогизации RCR
901 Тип документа __
t Тип документа b
w Контрольный № источника RU/CBS_Ul/BASE/467280748
910 Корректоры записи __
a Корректор записи Асеева
938 Служебная информация __
a Имя БД period